| 000 | 00384nam a22001457a 4500 | ||
|---|---|---|---|
| 020 | _a9780395748862 | ||
| 040 | _cNust | ||
| 082 |
_a658.31 _bFIS |
||
| 100 |
_aFisher _9126367 |
||
| 110 |
_aSchoenfeldt, Shaw _9126368 |
||
| 245 | _aHuman resource management | ||
| 260 |
_aBoston: _bHoughton Mifflin Company, _c1996. |
||
| 650 |
_aHuman resource management _964173 |
||
| 942 |
_2ddc _cBK |
||
| 999 |
_c612069 _d612069 |
||